00864nam a2200229 i 450000100060000000300090000600500170001500700030003200800410003502000180007610000280009424501600012226000360028230000260031849000340034450000130037870000290039183000420042085200330046299900170049595201220051281556ES-MaACL20230906174449.0t|041105s1983 fr ||||1| fre d a2-07-029405-61 aHusserl, Edmund.96481813aLa crise des sciences européennes et la phénoménologie transcendentale / cEdmund Husserl ; traduit de l'allemand et préfacé par Gérard Granel. a[Paris] : bGallimard, c[1983] aIX, 589 p. ; c23 cm.1 aBibliothèque de philosophie aIndices.1 aGranel, Gérard.9596140 aBibliothèque de philosophie9181442 aES-MaACLjL-12269 bR.115510 c81556d81556 00104070aATENEOMbATENEOMcDEPO2d2008-01-17eSCl0oL-12269p1085251r2023-02-23 00:00:00w2023-02-23yMONOGRAFIA